The epic of Pabuji / (Record no. 8686)

MARC details
000 -LEADER
fixed length control field 00815 a2200241 4500
010 ## - LIBRARY OF CONGRESS CONTROL NUMBER
LC control number ENG-88542
020 ## - INTERNATIONAL STANDARD BOOK NUMBER
International Standard Book Number 8187649836
Terms of availability 250.00
035 ## - SYSTEM CONTROL NUMBER
System control number EN-72075
037 ## - SOURCE OF ACQUISITION
Source of stock number/acquisition DBAD / PUB
082 14 - DEWEY DECIMAL CLASSIFICATION NUMBER
Classification number 398.20491479
090 ## - LOCALLY ASSIGNED LC-TYPE CALL NUMBER (OCLC); LOCAL CALL NUMBER (OCLC)
-- 8847
-- 8847
100 ## - MAIN ENTRY--PERSONAL NAME
Personal name Smith, John D
245 1# - TITLE STATEMENT
Title The epic of Pabuji /
Statement of responsibility, etc by John D. Smith; illustrated by Srilal Josi
246 30 - VARYING FORM OF TITLE
Title proper/short title Pabuji
250 ## - EDITION STATEMENT
Edition statement [rev. ed.]
260 ## - PUBLICATION, DISTRIBUTION, ETC. (IMPRINT)
Place of publication, distribution, etc New Delhi
Name of publisher, distributor, etc Katha
Date of publication, distribution, etc 2005
300 ## - PHYSICAL DESCRIPTION
Extent 182 p., [1] folded plate :
Other physical details ill. (some col.) ;
Dimensions 24 cm (pbk)
520 ## - SUMMARY, ETC.
Summary, etc English verse translation of folk poems on Pabu Rahaura, folk hero of Rajasthan.
700 1# - ADDED ENTRY--PERSONAL NAME
Personal name Smith, John D.,
700 1# - ADDED ENTRY--PERSONAL NAME
Personal name Josi, Srilal
942 ## - ADDED ENTRY ELEMENTS (KOHA)
Institution code [OBSOLETE] dpl
Koha item type English Books
Call number prefix 398.20491479 / EPI
Holdings
Withdrawn status Lost status Source of classification or shelving scheme Damaged status Not for loan Collection code Home library Current library Source of acquisition Cost, normal purchase price Total Checkouts Full call number Barcode Date last seen Copy number Uniform Resource Identifier Cost, replacement price Price effective from Koha item type
    Dewey Decimal Classification   Not For Loan Non-fiction D.B.Act.Division D.B.Act.Division DBAD/PUB 250.00   398.20491479 EN-72075 15/09/2008 1 9629 250.00 15/09/2008 English Books

© Delhi Public Library
Hit Counter
free hit counter